• 首页
  • 本馆介绍
  • 公告通知
  • 最新文献
  • 馆藏检索
  • 电子资源
  • 读者导购
  • 参考咨询
  • 我的图书馆
  • 登录
  • 详细信息显示
  • 放入我的书架
  • 预约/预借图书
  • 作者相关作品
  • 分类相关作品
  • 丛书相关作品
  • 出版社相关作品

书目信息

  • 表格格式
  • 工作单格式
  • 卡片格式
题名:
电磁学的理论和习题
    
 
作者: 埃德米尼斯特 著 ;于乾鹏 译
分册:  
出版信息: 北京   人民邮电出版社  1984.3
页数: 317页
开本: 20cm
丛书名:
单 册:
中图分类: O441-44
科图分类:
主题词: 电磁学 , 电动力学
电子资源:
ISBN:
000 00627nam0 2200217 45
001 0312221749
005 20031222171123.0
010    @dCNY1.55
100    @a20031222d1984 km y0chiy0120 ea
101    @achi
105    @a z 000yy
200 1  @a电磁学的理论和习题@ADian Ci Xue De Li Lun He Xi Ti@f(美)埃德米尼斯特著@F(Mei)Ai De Mi Ni Si Te Zhu@g于乾鹏等译
210    @a北京@c人民邮电出版社@d1984.3
215    @a317页@d20cm
606 0  @a电磁学
606 0  @a电动力学
690    @aO441-44@v3
701 0  @a埃德米尼斯特@4著
702 0  @a于乾鹏@4译
801    @aCN@bTSTCL@c20031222
905    @a213230@dO441-44@e29@b125115-118@f4
    
    电磁学的理论和习题/(美)埃德米尼斯特著/于乾鹏等译.-北京:人民邮电出版社,1984.3
    317页;20cm
    
    
    ISBN :CNY1.55
    
●
相关链接 在E读中查询图书 在五车中查询图书 在当当中查询图书 在豆瓣中查询图书


正题名:电磁学的理论和习题     索取号:O441-44/29         预约/预借

序号 登录号 条形码 馆藏地/架位号 状态 备注
1 0125115   001457444   第三借阅区/ [索取号:O441-44/29] 在馆    
2 0125116   001457408   第三借阅区/ [索取号:O441-44/29] 在馆    
3 0125117   001457471   第三借阅区/ [索取号:O441-44/29] 在馆    
4 0125118   001457435   第三借阅区/ [索取号:O441-44/29] 在馆    
5 0125119   202103534   第二样本阅览室/ [索取号:O441-44/29] 在馆    
唐山师范学院图书馆 欢迎您!
大连网信软件有限公司© 版权所有